000 00537nam a2200181 4500
001 24923
005 20230410102125.0
008 060907n1996 dr spa
020 _a1881715094
035 _9funglode25112
041 _aES
050 1 4 _a118 PQ 7386 G633p 1996
100 _aGómez Beras, Carlos Roberto
245 1 3 _aLa paloma de la plusvalía y otros poemas para empedernidos /
_cCarlos Roberto Gómez Beras
260 _aSan Juan, P.R :
_bIsla Negra Ediciones,
_c1996
300 _a147 p.
942 _2lcc
_cbk
999 _c19490
_d19490